Chasing vermeer / (Record no. 48101)

MARC details
000 -LEADER
fixed length control field 00535nam a22001817a 4500
005 - DATE AND TIME OF LATEST TRANSACTION
control field 20100930160912.0
008 - FIXED-LENGTH DATA ELEMENTS--GENERAL INFORMATION
fixed length control field 100930t xxu||||| |||| 00| 0 eng d
020 ## - INTERNATIONAL STANDARD BOOK NUMBER
International Standard Book Number 8176553824
035 ## - SYSTEM CONTROL NUMBER
System control number B-164868
082 ## - DEWEY DECIMAL CLASSIFICATION NUMBER
Classification number S
100 ## - MAIN ENTRY--PERSONAL NAME
Personal name Balliett, Blue
9 (RLIN) 22542
245 ## - TITLE STATEMENT
Title Chasing vermeer /
Statement of responsibility, etc by Blue balliett
260 ## - PUBLICATION, DISTRIBUTION, ETC. (IMPRINT)
Place of publication, distribution, etc United Kingdom
Name of publisher, distributor, etc Scholastic
Date of publication, distribution, etc 2005
300 ## - PHYSICAL DESCRIPTION
Extent 254p.
Other physical details 20cm (pbk)
700 ## - ADDED ENTRY--PERSONAL NAME
9 (RLIN) 22554
942 ## - ADDED ENTRY ELEMENTS (KOHA)
Source of classification or shelving scheme Dewey Decimal Classification
Item type English Books
Classification part S
Call number suffix BAL
Holdings
Withdrawn status Lost status Source of classification or shelving scheme Damaged status Not for loan Collection code Home library Current library Date acquired Total Checkouts Full call number Barcode Date last seen Copy number Koha item type
    Dewey Decimal Classification   Not For Loan Fiction Patel Nagar Patel Nagar 30/09/2010   S BAL B-164868 30/09/2010 1 English Books

© Delhi Public Library
Hit Counter
free hit counter